Eastern Utah Libraries Catalog: Duchesne, Heber, Roosevelt, & Vernal

Love, Fall, & Order (Record no. 353670)

MARC details
000 -LEADER
fixed length control field 00613nam a22002057a 4500
008 - FIXED-LENGTH DATA ELEMENTS--GENERAL INFORMATION
fixed length control field 200922b ||||| |||| 00| 0 eng d
010 ## - LIBRARY OF CONGRESS CONTROL NUMBER
LC control number 67685163887
040 ## - CATALOGING SOURCE
Description conventions rda
050 ## - LIBRARY OF CONGRESS CALL NUMBER
Classification number 67685163887
082 ## - DEWEY DECIMAL CLASSIFICATION NUMBER
Classification number DVD
092 ## - LOCALLY ASSIGNED DEWEY CALL NUMBER (OCLC)
Classification number DVD
245 ## - TITLE STATEMENT
Title Love, Fall, & Order
246 ## - VARYING FORM OF TITLE
Title proper/short title Love, Fall and Order
264 ## - Production, publication, distribution, manufacture, & copyright notice
Place of production, publication, distribution, manufacture Crown Media Productions, LLC,
Name of production, publication, distribution, manufacture New York, New York,
Date of production, publication, distribution, manufacture, or copyright notice 2019.
300 ## - PHYSICAL DESCRIPTION
Extent 1 DVD, 84 minutes;
Other physical details sound, color;
Dimensions 4 3/4 in.
336 ## - Content type
Content type term two-dimensional moving image
337 ## - Media type
Media type term video
338 ## - Carrier type
Carrier type term videodisc
942 ## - ADDED ENTRY ELEMENTS (KOHA)
Source of classification or shelving scheme Dewey Decimal Classification
Item type DVD
Holdings
Withdrawn status Lost status Source of classification or shelving scheme Damaged status Not for loan Collection code Home library Current library Shelving location Date acquired Source of acquisition Total Checkouts Total Renewals Full call number Barcode Date last seen Date last borrowed Cost, replacement price Price effective from Koha item type
    Dewey Decimal Classification     Movies Wasatch County Library Wasatch County Library Audio Visual Area 09/13/2021 Amazon 9 7 DVD Lov 34301001807652 11/05/2024 10/29/2024 12.96 09/13/2021 DVD
This project was made possible through a grant from the Institute of Museum and Library Service administered by the Utah State Library Division.

Wasatch County Library

  • 465 East 1200 South, Heber City, Utah 84032
  • Phone 435-654-1511 | Fax 435-654-6456

Hours

  • Monday - Friday 9:30 AM - 8:00 PM
  • Saturday 9:30 AM - 1:30 PM
  • Closed Sundays and Holidays